000 00356nam a2200133Ia 4500
008 150202s9999 xx 000 0 und d
020 _a671011618
050 _aFIC
_bFIC
100 _aGilmour, H.B.
245 _aCher and Cher alike /
_cH.B. Gilmour.
260 _aNew York :
_bPocket Books,
_c1997.
300 _a163 pages :
_c18 cm.
650 _aFiction.
999 _c282053
_d282053